Desať prvodarcov

Bibliographic Details
Format: Article
Language:Slovak
Hungarian
PhysicalDescription:Fotogr.
ISSN:1338-9068
Subjects:

MARC

LEADER 00000nab a2200000 a 4500
001 vtls011612540
003 SK-MaSNL
005 20260303200303.0
008 170220|2017 xo m| 000 02slo
015 |a SNBRB2017/02 
038 |a DSZK 
040 |a DSZK  |b slo  |c DSZK  |e AACR2 
041 0 |a slo  |a hun 
044 |a xo  |c SK 
080 |a 614.88  |x (437.612)  |2 2011 
080 |a 612.11/.12:364-646.3  |2 2011 
245 0 0 |a Desať prvodarcov  |c [autor] (-) 
300 |b Fotogr. 
546 |a Dvojjazyčné vydanie 
610 2 7 |a Slovenský Červený kríž.  |b Miestny spolok (Šamorín, Slovensko)  |2 dszk  |9 1194223 
650 0 7 |a darcovstvo krvi  |2 SNKPH  |9 16625 
651 7 |a Šamorín (Slovensko)  |2 SNKPH  |9 28925 
773 0 |t Šamorín a okolie=Somorja és vidéke  |g Roč. XXVII, č. 2 (2017), s. 7  |x 1338-9068 
852 |a DSZK  |b KIS3GCP 
958 |a SK 
999 |c 2167513  |d 2169443